01450nam a2200301 a 4500003000400000005001700004008004100021017004500062020002500107020002500132020002500157040001400182100003500196245020800231260008400439300005000523504003600573650004300609650005000652650004900702650004200751700003500793710004600828942001300874999001500887952012300902952012301025OSt20140714165830.0140708s2013 sp ao 001 0dspa d aDL V. 2015-2013bBiblioteca de Catalunya a9788477956730 (o.c.) a9788477956747 (v. 1) a9788477956754 (v. 2) bcatcCDMR1 aRodríguez Molina, Ma. José10aDirectorio de fotógrafos en España (1851-1936) b: (elaborado con la información que proporcionan los anuarios y guías comerciales) cMa. José Rodríguez Molina, José Ramón Sanchis Alfonso aValencia bArchivo General y Fotográfico de la Diputación de Valenciac2013 a2 vol. (1021 p.) bil. (algunes col.) c30 cm aBibliografia p. 29-44. Índexs 4aFotògrafszEspanyaxDirectoris93097 4aFotografiazEspanyaxHistòriayS. XIX93144 4aFotografiazEspanyaxHistòriayS. XX93144 4aFotografiazEspanyaxDirectoris930961 aSanchis Alfonso, Josep Ramón1 aArxiu General i Fotogràfic (València) cMON2udc c6743d6743 00104070aCDMRbCDMRd2014-07-08eComprag65.00l0oBa 2pCDMR1407301255r2014-07-08tVol. 1v65.00w2014-07-08yMON 00104070aCDMRbCDMRd2014-07-08eComprag65.00l0oBa 3pCDMR1407301257r2014-07-14tVol. 2v65.00w2014-07-14yMON